El Pobrecito hablador (Record no. 168903)
[ view plain ]
| 000 -LEADER | |
|---|---|
| campo de control de longitud fija | 01029nas a2200241 i 4500 |
| 001 - NÚMERO DE CONTROL | |
| campo de control | 168903 |
| 003 - IDENTIFICADOR DE NÚMERO DE CONTROL | |
| campo de control | ES-MaACL |
| 005 - FECHA Y HORA DE LA ÚLTIMA TRANSACCIÓN | |
| campo de control | 20250802062539.0 |
| 008 - DATOS DE LONGITUD FIJA--INFORMACIÓN GENERAL | |
| campo de control de longitud fija | 080623d18321833sp |y | ||pa d |
| 080 ## - NÚMERO DE LA CLASIFICACIÓN DECIMAL UNIVERSAL | |
| Número de la Clasificación Decimal Universal | 82 |
| 100 1# - ENTRADA PRINCIPAL--NOMBRE DE PERSONA | |
| Nombre de persona | Larra, Mariano José de, |
| Fechas asociadas al nombre | 1809-1837 |
| 9 (RLIN) | 70287 |
| 245 13 - MENCIÓN DEL TÍTULO | |
| Título | El Pobrecito hablador |
| Resto del título | : revista satírica de costumbres / |
| Mención de responsabilidad, etc. | por el bachiller D. Juan Pérez de Mungía [i.e. Munguía]. |
| 246 1# - FORMA VARIANTE DEL TITULO | |
| Título propio/Titulo breve | Muerte del Pobrecito hablador |
| Fecha o designación secuencial | n. 14 (marzo 1833) |
| 260 ## - PUBLICACIÓN, DISTRIBUCIÓN, ETC. | |
| Lugar de publicación, distribución, etc. | Madrid : |
| Nombre del editor, distribuidor, etc. | [s.n.], |
| Fecha de publicación, distribución, etc. | 1832-1833 ( |
| Fabricante | Imp. de Repullés) |
| 300 ## - DESCRIPCIÓN FÍSICA | |
| Extensión | 1 vol. (pág. var.) ; |
| Dimensiones | 15 cm. |
| 362 0# - FECHAS DE PUBLICACIÓN Y/O DESIGNACIÓN SECUENCIAL | |
| Fecha de publicación y/o designación secuencial | N. 1 (ag. 1832)-n. 14 (marzo 1833) |
| 530 ## - NOTA DISPONIBLE DE FORMULARIO FÍSICO ADICIONAL | |
| Nota de formato físico adicional disponible | Disponible en formato digital. |
| 594 ## - Nota al título y mención de responsabilidad | |
| Nota al título y mención de responsabilidad | El Bachiller Juan Pérez de Munguía es seudónimo de Mariano José de Larra. |
| 650 #7 - PUNTO DE ACCESO ADICIONAL DE MATERIA--TÉRMINO DE MATERIA | |
| Término de materia o nombre geográfico como elemento de entrada | Literatura |
| Fuente del encabezamiento o término | embne |
| 9 (RLIN) | 141583 |
| 852 ## - LOCALIZACIÓN | |
| Ubicación | ES-MaACL |
| Número de control de estantería | R-1941(1) |
| Nota libre | - Enc. en vol. facticio |
| -- | . - Donativo Roda |
| 856 ## - LOCALIZACIÓN Y ACCESO ELECTRÓNICOS | |
| Identificador Uniforme de Recursos | <a href="http://hemerotecadigital.bne.es/details.vm?o=&w=1889-1888&f=issn&l=500">http://hemerotecadigital.bne.es/details.vm?o=&w=1889-1888&f=issn&l=500</a> |
| Nota pública | Hemeroteca Digital |
| Estatus retirado | Estado de pérdida | Estado de daño | No para préstamo | Colección | Biblioteca de origen | Biblioteca actual | Ubicación en estantería | Fecha de adquisición | Fuente de adquisición | Total de préstamos | Signatura topográfica completa | Código de barras | Visto por última vez | Precio de reemplazo | Tipo de ítem Koha |
|---|---|---|---|---|---|---|---|---|---|---|---|---|---|---|---|
| Colección digital | Biblioteca del Ateneo de Madrid | Biblioteca del Ateneo de Madrid | Depósito | 23/06/2008 | R-1941(1) | 1177258 | 23/02/2023 | 23/02/2023 | Revista |
